Catdog Song Quiz Stats

 Plays Quiz not verified by Sporcle

Challenge
Share
Tweet
Embed
Score 0/102 Timer 10:00
0 Plays Today
% Correct
catdog
95.9%
catdog
95.9%
catdog
95.9%
catdog
95.9%
catdog
95.9%
catdog
95.9%
catdog
95.9%
catdog
95.9%
catdog
95.9%
catdog
95.9%
catdog
95.9%
catdog
95.9%
A
94.8%
And
94.8%
A
94.8%
a
94.8%
and
94.8%
a
94.8%
a
94.8%
the
94.8%
a
94.8%
the
94.8%
the
94.8%
the
94.8%
a
94.8%
the
94.8%
a
94.8%
the
94.8%
a
94.8%
little
83.9%
little
83.9%
little
83.9%
little
83.9%
little
83.9%
% Correct
little
83.9%
little
83.9%
in
75.6%
in
75.6%
in
75.6%
in
75.6%
in
75.6%
world
74.1%
world
74.1%
world
74.1%
world
74.1%
With
70.5%
alone
67.4%
alone
67.4%
alone
67.4%
alone
67.4%
on
65.8%
was
65.3%
was
65.3%
was
65.3%
was
65.3%
was
65.3%
One
64.8%
Day
64.8%
Fine
62.7%
born
60.1%
Woof
59.1%
purr
58%
baby
57%
it
56.5%
stir
52.8%
caused
50.8%
no
50.8%
no
50.8%
% Correct
to
50.8%
to
50.8%
to
50.8%
to
50.8%
frog
49.2%
town
48.7%
eyed
47.7%
feline
46.6%
back
46.1%
three
45.6%
canine
41.5%
blue
39.9%
all
36.3%
road
35.8%
or
35.2%
down
33.7%
along
33.7%
critters
33.2%
just
32.6%
sing
32.6%
out
32.1%
get
32.1%
this
32.1%
song
32.1%
put
30.1%
together
25.4%
walk
18.7%
bug
18.1%
be
14.5%
trying
11.9%
trying
11.9%
trying
11.9%
trying
11.9%
brothers
8.3%

You're not logged in!

Compare scores with friends on all Sporcle quizzes.
Join for Free
OR
Log In

You Might Also Like...

Show Comments

Extras

Created Jan 29, 2011ReportNominate
Tags:Song Quiz, theme

Top Quizzes Today


Score Distribution

Your Account Isn't Verified!

In order to create a playlist on Sporcle, you need to verify the email address you used during registration. Go to your Sporcle Settings to finish the process.

Report this User

Report this user for behavior that violates our Community Guidelines.

Details: